| 000 | 01613nam a2200385Ia 4500 | ||
|---|---|---|---|
| 001 | ebr10748812 | ||
| 003 | CaPaEBR | ||
| 006 | m o u | ||
| 007 | cr cn||||||||| | ||
| 008 | 080525s2009 pau sb 001 0 eng d | ||
| 020 | _z9780812241334 | ||
| 020 | _z0812241339 | ||
| 020 | _z9780812201093 | ||
| 040 |
_aCaPaEBR _cCaPaEBR |
||
| 035 | _a(OCoLC)858934931 | ||
| 050 | 1 | 4 |
_aBX3506.3 _b.A44 2009eb |
| 100 | 1 | _aAmes, Christine Caldwell. | |
| 245 | 1 | 0 |
_aRighteous persecution _h[electronic resource] : _binquisition, Dominicans, and Christianity in the Middle Ages / _cChristine Caldwell Ames. |
| 260 |
_aPhiladelphia : _bUniversity of Pennsylvania Press, _cc2009. |
||
| 300 | _aviii, 312 p. | ||
| 490 | 1 | _aThe Middle Ages series | |
| 504 | _aIncludes bibliographical references (p. [285]-302) and index. | ||
| 533 |
_aElectronic reproduction. _bPalo Alto, Calif. : _cebrary, _d2013. _nAvailable via World Wide Web. _nAccess may be limited to ebrary affiliated libraries. |
||
| 610 | 2 | 0 |
_aDominicans _xHistory. |
| 650 | 0 |
_aPersecution _xHistory _yMiddle Ages, 600-1500. |
|
| 650 | 0 |
_aInquisition _xHistory. |
|
| 650 | 0 |
_aChristian heresies _xHistory _yMiddle Ages, 600-1500. |
|
| 650 | 0 |
_aControl (Psychology) _xReligious aspects _xChristianity. |
|
| 650 | 0 |
_aPunishment _xReligious aspects _xCatholic Church. |
|
| 650 | 0 |
_aQuestioning _xReligious aspects. |
|
| 655 | 7 |
_aElectronic books. _2local |
|
| 710 | 2 | _aebrary, Inc. | |
| 830 | 0 | _aMiddle Ages series. | |
| 856 | 4 | 0 |
_uhttp://site.ebrary.com/lib/rucke/Doc?id=10748812 _zAn electronic book accessible through the World Wide Web; click to view |
| 999 |
_c113450 _d113450 |
||